000 00465nam a2200169Ia 4500
008 240729s9999 xx 000 0 und d
022 _a1179-1470
245 0 _aMedical Devices: Evidence and Research
260 _aUnited Kingdom
260 _bDove Medical Press
650 _a Medical technology
650 _a Medicine (General)
650 _aMedicine
856 _uhttps://doaj.org/toc/b04c4f8be75149e895c098c9628803b6
942 _2ddc
942 _cDOAJEJ
999 _c73606
_d73606
945 _a1
_bMadushi Gamage
_c1
_dMadushi Gamage